<?xml version="1.0" encoding="UTF-8"?>
<collection xmlns="http://www.loc.gov/MARC21/slim">
 <record>
  <leader>27369nas a2203313   4500</leader>
  <controlfield tag="001">1/50482</controlfield>
  <controlfield tag="008">100121s20049999lu  uzp       0   z0eng  </controlfield>
  <datafield tag="022" ind1="0" ind2=" ">
   <subfield code="a">1830-7361</subfield>
  </datafield>
  <datafield tag="022" ind1="0" ind2=" ">
   <subfield code="a">1831-9947</subfield>
  </datafield>
  <datafield tag="035" ind1=" " ind2=" ">
   <subfield code="l">41932</subfield>
  </datafield>
  <datafield tag="040" ind1=" " ind2=" ">
   <subfield code="a">GR-PeUP</subfield>
  </datafield>
  <datafield tag="090" ind1=" " ind2=" ">
   <subfield code="a">ΚΕΤ Αλφαβητική σειρά</subfield>
  </datafield>
  <datafield tag="245" ind1="0" ind2="0">
   <subfield code="a">Research eu :</subfield>
   <subfield code="b">the magazine of the european research area.</subfield>
  </datafield>
  <datafield tag="260" ind1=" " ind2=" ">
   <subfield code="a">Λουξεμβούργο :</subfield>
   <subfield code="b">Υπηρεσία Επισήμων Εκδόσεων των Ευρωπαϊκών Κοινοτήτων,</subfield>
   <subfield code="c">2007-</subfield>
  </datafield>
  <datafield tag="300" ind1=" " ind2=" ">
   <subfield code="a">τ. ;</subfield>
   <subfield code="c">30 εκ.</subfield>
  </datafield>
  <datafield tag="310" ind1=" " ind2=" ">
   <subfield code="a">Άτακτη.</subfield>
  </datafield>
  <datafield tag="362" ind1="0" ind2=" ">
   <subfield code="a">No. 57 (July 2009) -</subfield>
  </datafield>
  <datafield tag="500" ind1=" " ind2=" ">
   <subfield code="a">Το περιοδικό έχει δύο συνοδευτικές εκδόσεις : Research eu : results supplement, (ISSN 1830-8864), Research eu : results magazine, (ISSN 1831-9947) και Research eu : focus, (ISSN 1831-1903).</subfield>
  </datafield>
  <datafield tag="546" ind1=" " ind2=" ">
   <subfield code="a">Αγγλική.</subfield>
  </datafield>
  <datafield tag="650" ind1=" " ind2="4">
   <subfield code="a">Ευρωπαϊκή Κοινότητα</subfield>
   <subfield code="v">Περιοδικά.</subfield>
  </datafield>
  <datafield tag="710" ind1="2" ind2=" ">
   <subfield code="a">European Commission.</subfield>
  </datafield>
  <datafield tag="852" ind1=" " ind2=" ">
   <subfield code="a">INST</subfield>
   <subfield code="b">UNIPILB</subfield>
   <subfield code="c">KET</subfield>
   <subfield code="e">20100121</subfield>
   <subfield code="h">Αλφαβητική σειρά</subfield>
   <subfield code="p">66356</subfield>
   <subfield code="q">66356</subfield>
   <subfield code="t">NOLOAN</subfield>
   <subfield code="v">no.56:(Μήνας)June;(Έτος)2008</subfield>
   <subfield code="y">23</subfield>
  </datafield>
  <datafield tag="852" ind1=" " ind2=" ">
   <subfield code="a">INST</subfield>
   <subfield code="b">UNIPILB</subfield>
   <subfield code="c">KET</subfield>
   <subfield code="e">20100121</subfield>
   <subfield code="h">Αλφαβητική σειρά</subfield>
   <subfield code="p">66357</subfield>
   <subfield code="q">66357</subfield>
   <subfield code="t">NOLOAN</subfield>
   <subfield code="v">no.57:(Μήνας)July;(Έτος)2008</subfield>
   <subfield code="y">23</subfield>
  </datafield>
  <datafield tag="852" ind1=" " ind2=" ">
   <subfield code="a">INST</subfield>
   <subfield code="b">UNIPILB</subfield>
   <subfield code="c">KET</subfield>
   <subfield code="e">20100121</subfield>
   <subfield code="h">Αλφαβητική σειρά</subfield>
   <subfield code="p">66358</subfield>
   <subfield code="q">66358</subfield>
   <subfield code="t">NOLOAN</subfield>
   <subfield code="v">no.58:(Μήνας)December;(Έτος)2008</subfield>
   <subfield code="y">23</subfield>
  </datafield>
  <datafield tag="852" ind1=" " ind2=" ">
   <subfield code="a">INST</subfield>
   <subfield code="b">UNIPILB</subfield>
   <subfield code="c">KET</subfield>
   <subfield code="e">20100121</subfield>
   <subfield code="h">Αλφαβητική σειρά</subfield>
   <subfield code="p">66359</subfield>
   <subfield code="q">66359</subfield>
   <subfield code="t">NOLOAN</subfield>
   <subfield code="v">no.59:(Μήνας)March;(Έτος)2009</subfield>
   <subfield code="y">23</subfield>
  </datafield>
  <datafield tag="852" ind1=" " ind2=" ">
   <subfield code="a">INST</subfield>
   <subfield code="b">UNIPILB</subfield>
   <subfield code="c">KET</subfield>
   <subfield code="e">20100121</subfield>
   <subfield code="h">Αλφαβητική σειρά</subfield>
   <subfield code="p">66360</subfield>
   <subfield code="q">66360</subfield>
   <subfield code="t">NOLOAN</subfield>
   <subfield code="v">no.60:(Μήνας)June;(Έτος)2009</subfield>
   <subfield code="y">23</subfield>
  </datafield>
  <datafield tag="852" ind1=" " ind2=" ">
   <subfield code="a">INST</subfield>
   <subfield code="b">UNIPILB</subfield>
   <subfield code="c">KET</subfield>
   <subfield code="e">20100121</subfield>
   <subfield code="h">Αλφαβητική σειρά</subfield>
   <subfield code="p">66361</subfield>
   <subfield code="q">66361</subfield>
   <subfield code="t">NOLOAN</subfield>
   <subfield code="v">no.61:(Μήνας)July;(Έτος)2009</subfield>
   <subfield code="y">23</subfield>
  </datafield>
  <datafield tag="852" ind1=" " ind2=" ">
   <subfield code="a">INST</subfield>
   <subfield code="b">UNIPILB</subfield>
   <subfield code="c">KET</subfield>
   <subfield code="e">20100121</subfield>
   <subfield code="h">Αλφαβητική σειρά</subfield>
   <subfield code="p">66362</subfield>
   <subfield code="q">66362</subfield>
   <subfield code="t">NOLOAN</subfield>
   <subfield code="v">:(Μήνας)December;(Έτος)2008</subfield>
   <subfield code="y">23</subfield>
  </datafield>
  <datafield tag="852" ind1=" " ind2=" ">
   <subfield code="a">INST</subfield>
   <subfield code="b">UNIPILB</subfield>
   <subfield code="c">KET</subfield>
   <subfield code="e">20100121</subfield>
   <subfield code="h">Αλφαβητική σειρά</subfield>
   <subfield code="p">66363</subfield>
   <subfield code="q">66363</subfield>
   <subfield code="t">NOLOAN</subfield>
   <subfield code="v">:(Μήνας)January;(Έτος)2009</subfield>
   <subfield code="y">23</subfield>
  </datafield>
  <datafield tag="852" ind1=" " ind2=" ">
   <subfield code="a">INST</subfield>
   <subfield code="b">UNIPILB</subfield>
   <subfield code="c">KET</subfield>
   <subfield code="e">20100121</subfield>
   <subfield code="h">Αλφαβητική σειρά</subfield>
   <subfield code="p">66364</subfield>
   <subfield code="q">66364</subfield>
   <subfield code="t">NOLOAN</subfield>
   <subfield code="v">:(Μήνας)February;(Έτος)2009</subfield>
   <subfield code="y">23</subfield>
  </datafield>
  <datafield tag="852" ind1=" " ind2=" ">
   <subfield code="a">INST</subfield>
   <subfield code="b">UNIPILB</subfield>
   <subfield code="c">KET</subfield>
   <subfield code="e">20100121</subfield>
   <subfield code="h">Αλφαβητική σειρά</subfield>
   <subfield code="p">66365</subfield>
   <subfield code="q">66365</subfield>
   <subfield code="t">NOLOAN</subfield>
   <subfield code="v">:(Μήνας)May;(Έτος)2009</subfield>
   <subfield code="y">23</subfield>
  </datafield>
  <datafield tag="852" ind1=" " ind2=" ">
   <subfield code="a">INST</subfield>
   <subfield code="b">UNIPILB</subfield>
   <subfield code="c">KET</subfield>
   <subfield code="e">20100121</subfield>
   <subfield code="h">Αλφαβητική σειρά</subfield>
   <subfield code="p">66366</subfield>
   <subfield code="q">66366</subfield>
   <subfield code="t">NOLOAN</subfield>
   <subfield code="v">:(Μήνας)June;(Έτος)2009</subfield>
   <subfield code="y">23</subfield>
  </datafield>
  <datafield tag="852" ind1=" " ind2=" ">
   <subfield code="a">INST</subfield>
   <subfield code="b">UNIPILB</subfield>
   <subfield code="c">KET</subfield>
   <subfield code="e">20100121</subfield>
   <subfield code="h">Αλφαβητική σειρά</subfield>
   <subfield code="p">66367</subfield>
   <subfield code="q">66367</subfield>
   <subfield code="t">NOLOAN</subfield>
   <subfield code="v">:(Μήνες)Jul./Aug.;(Έτος)2009</subfield>
   <subfield code="y">23</subfield>
  </datafield>
  <datafield tag="852" ind1=" " ind2=" ">
   <subfield code="a">INST</subfield>
   <subfield code="b">UNIPILB</subfield>
   <subfield code="c">KET</subfield>
   <subfield code="e">20100121</subfield>
   <subfield code="h">Αλφαβητική σειρά</subfield>
   <subfield code="p">66368</subfield>
   <subfield code="q">66368</subfield>
   <subfield code="t">NOLOAN</subfield>
   <subfield code="v">:(Μήνας)September;(Έτος)2009</subfield>
   <subfield code="y">23</subfield>
  </datafield>
  <datafield tag="852" ind1=" " ind2=" ">
   <subfield code="a">INST</subfield>
   <subfield code="b">UNIPILB</subfield>
   <subfield code="c">KET</subfield>
   <subfield code="e">20100121</subfield>
   <subfield code="h">Αλφαβητική σειρά</subfield>
   <subfield code="p">66369</subfield>
   <subfield code="q">66369</subfield>
   <subfield code="t">NOLOAN</subfield>
   <subfield code="v">:(Μήνας)March;(Έτος)2009</subfield>
   <subfield code="y">23</subfield>
  </datafield>
  <datafield tag="852" ind1=" " ind2=" ">
   <subfield code="a">INST</subfield>
   <subfield code="b">UNIPILB</subfield>
   <subfield code="c">KET</subfield>
   <subfield code="e">20100126</subfield>
   <subfield code="h">Αλφαβητική σειρά</subfield>
   <subfield code="p">66398</subfield>
   <subfield code="q">66398</subfield>
   <subfield code="t">NOLOAN</subfield>
   <subfield code="v">iss.Special issue:(Μήνας)April;(Έτος)2008</subfield>
   <subfield code="y">23</subfield>
  </datafield>
  <datafield tag="852" ind1=" " ind2=" ">
   <subfield code="a">INST</subfield>
   <subfield code="b">UNIPILB</subfield>
   <subfield code="c">KET</subfield>
   <subfield code="e">20100126</subfield>
   <subfield code="h">Αλφαβητική σειρά</subfield>
   <subfield code="p">66399</subfield>
   <subfield code="q">66399</subfield>
   <subfield code="t">NOLOAN</subfield>
   <subfield code="v">iss.Special issue:(Μήνας)November;(Έτος)2009</subfield>
   <subfield code="y">23</subfield>
  </datafield>
  <datafield tag="852" ind1=" " ind2=" ">
   <subfield code="a">INST</subfield>
   <subfield code="b">UNIPILB</subfield>
   <subfield code="c">KET</subfield>
   <subfield code="e">20100126</subfield>
   <subfield code="h">Αλφαβητική σειρά</subfield>
   <subfield code="p">66400</subfield>
   <subfield code="q">66400</subfield>
   <subfield code="t">NOLOAN</subfield>
   <subfield code="v">iss.Special issue:(Μήνας)April;(Έτος)2009</subfield>
   <subfield code="y">23</subfield>
  </datafield>
  <datafield tag="852" ind1=" " ind2=" ">
   <subfield code="a">INST</subfield>
   <subfield code="b">UNIPILB</subfield>
   <subfield code="c">KET</subfield>
   <subfield code="e">20100128</subfield>
   <subfield code="h">Αλφαβητική σειρά</subfield>
   <subfield code="p">66490</subfield>
   <subfield code="q">66490</subfield>
   <subfield code="t">NOLOAN</subfield>
   <subfield code="v">:(Μήνας)November;(Έτος)2009</subfield>
   <subfield code="y">23</subfield>
  </datafield>
  <datafield tag="852" ind1=" " ind2=" ">
   <subfield code="a">INST</subfield>
   <subfield code="b">UNIPILB</subfield>
   <subfield code="c">KET</subfield>
   <subfield code="e">20100316</subfield>
   <subfield code="h">Αλφαβητική σειρά</subfield>
   <subfield code="p">67734</subfield>
   <subfield code="q">67734</subfield>
   <subfield code="t">NOLOAN</subfield>
   <subfield code="v">no.15 (Research eu - focus magazine):(Μήνας,Έτος)June : 2009</subfield>
   <subfield code="y">23</subfield>
  </datafield>
  <datafield tag="852" ind1=" " ind2=" ">
   <subfield code="a">INST</subfield>
   <subfield code="b">UNIPILB</subfield>
   <subfield code="c">KET</subfield>
   <subfield code="e">20110209</subfield>
   <subfield code="h">Αλφαβητική σειρά</subfield>
   <subfield code="p">71110</subfield>
   <subfield code="q">71110</subfield>
   <subfield code="t">NOLOAN</subfield>
   <subfield code="v">no.54:(Μήνας)December;(Έτος)2007</subfield>
   <subfield code="y">23</subfield>
  </datafield>
  <datafield tag="852" ind1=" " ind2=" ">
   <subfield code="a">INST</subfield>
   <subfield code="b">UNIPILB</subfield>
   <subfield code="c">KET</subfield>
   <subfield code="e">20110222</subfield>
   <subfield code="h">Αλφαβητική σειρά</subfield>
   <subfield code="p">71192</subfield>
   <subfield code="q">71192</subfield>
   <subfield code="t">NOLOAN</subfield>
   <subfield code="v">no.62:(Μήνας)February;(Έτος)2010</subfield>
   <subfield code="y">23</subfield>
  </datafield>
  <datafield tag="852" ind1=" " ind2=" ">
   <subfield code="a">INST</subfield>
   <subfield code="b">UNIPILB</subfield>
   <subfield code="c">KET</subfield>
   <subfield code="e">20110222</subfield>
   <subfield code="h">Αλφαβητική σειρά</subfield>
   <subfield code="p">71193</subfield>
   <subfield code="q">71193</subfield>
   <subfield code="t">NOLOAN</subfield>
   <subfield code="v">no.63:(Μήνας)April;(Έτος)2010</subfield>
   <subfield code="y">23</subfield>
  </datafield>
  <datafield tag="852" ind1=" " ind2=" ">
   <subfield code="a">INST</subfield>
   <subfield code="b">UNIPILB</subfield>
   <subfield code="c">KET</subfield>
   <subfield code="e">20110404</subfield>
   <subfield code="h">Αλφαβητική σειρά</subfield>
   <subfield code="p">71548</subfield>
   <subfield code="q">71548</subfield>
   <subfield code="t">NOLOAN</subfield>
   <subfield code="v">no.55:(Μήνας)January;(Έτος)2008</subfield>
   <subfield code="y">23</subfield>
  </datafield>
  <datafield tag="852" ind1=" " ind2=" ">
   <subfield code="a">INST</subfield>
   <subfield code="b">UNIPILB</subfield>
   <subfield code="c">KET</subfield>
   <subfield code="e">20110404</subfield>
   <subfield code="h">Αλφαβητική σειρά</subfield>
   <subfield code="p">71549</subfield>
   <subfield code="q">71549</subfield>
   <subfield code="t">NOLOAN</subfield>
   <subfield code="v">iss.Special issue:(Μήνας)September;(Έτος)2007</subfield>
   <subfield code="y">23</subfield>
  </datafield>
  <datafield tag="852" ind1=" " ind2=" ">
   <subfield code="a">INST</subfield>
   <subfield code="b">UNIPILB</subfield>
   <subfield code="c">KET</subfield>
   <subfield code="e">20110404</subfield>
   <subfield code="h">Αλφαβητική σειρά</subfield>
   <subfield code="p">71550</subfield>
   <subfield code="q">71550</subfield>
   <subfield code="t">NOLOAN</subfield>
   <subfield code="v">iss.Special issue:(Μήνας)December;(Έτος)2007</subfield>
   <subfield code="y">23</subfield>
  </datafield>
  <datafield tag="852" ind1=" " ind2=" ">
   <subfield code="a">INST</subfield>
   <subfield code="b">UNIPILB</subfield>
   <subfield code="c">KET</subfield>
   <subfield code="e">20120314</subfield>
   <subfield code="h">Αλφαβητική σειρά</subfield>
   <subfield code="p">74877</subfield>
   <subfield code="q">74877</subfield>
   <subfield code="t">NOLOAN</subfield>
   <subfield code="v">no.9:(Μήνας)February;(Έτος)2012</subfield>
   <subfield code="y">23</subfield>
  </datafield>
  <datafield tag="852" ind1=" " ind2=" ">
   <subfield code="a">INST</subfield>
   <subfield code="b">UNIPILB</subfield>
   <subfield code="c">KET</subfield>
   <subfield code="e">20120411</subfield>
   <subfield code="h">Αλφαβητική σειρά</subfield>
   <subfield code="p">75208</subfield>
   <subfield code="q">75208</subfield>
   <subfield code="t">NOLOAN</subfield>
   <subfield code="v">no.52:(Μήνας)June;(Έτος)2007</subfield>
   <subfield code="y">23</subfield>
  </datafield>
  <datafield tag="852" ind1=" " ind2=" ">
   <subfield code="a">INST</subfield>
   <subfield code="b">UNIPILB</subfield>
   <subfield code="c">KET</subfield>
   <subfield code="e">20120411</subfield>
   <subfield code="h">Αλφαβητική σειρά</subfield>
   <subfield code="p">75209</subfield>
   <subfield code="q">75209</subfield>
   <subfield code="t">NOLOAN</subfield>
   <subfield code="v">iss.Special issue:(Μήνας)November;(Έτος)2008</subfield>
   <subfield code="y">23</subfield>
  </datafield>
  <datafield tag="852" ind1=" " ind2=" ">
   <subfield code="a">INST</subfield>
   <subfield code="b">UNIPILB</subfield>
   <subfield code="c">KET</subfield>
   <subfield code="e">20120411</subfield>
   <subfield code="h">Αλφαβητική σειρά</subfield>
   <subfield code="p">75210</subfield>
   <subfield code="q">75210</subfield>
   <subfield code="t">NOLOAN</subfield>
   <subfield code="v">iss.Special issue:(Μήνας)June;(Έτος)2007</subfield>
   <subfield code="y">23</subfield>
  </datafield>
  <datafield tag="852" ind1=" " ind2=" ">
   <subfield code="a">INST</subfield>
   <subfield code="b">UNIPILB</subfield>
   <subfield code="c">KET</subfield>
   <subfield code="e">20120411</subfield>
   <subfield code="h">Αλφαβητική σειρά</subfield>
   <subfield code="p">75211</subfield>
   <subfield code="q">75211</subfield>
   <subfield code="t">NOLOAN</subfield>
   <subfield code="v">:(Μήνας)October;(Έτος)2011</subfield>
   <subfield code="y">23</subfield>
  </datafield>
  <datafield tag="852" ind1=" " ind2=" ">
   <subfield code="a">INST</subfield>
   <subfield code="b">UNIPILB</subfield>
   <subfield code="c">KET</subfield>
   <subfield code="e">20120411</subfield>
   <subfield code="h">Αλφαβητική σειρά</subfield>
   <subfield code="p">75212</subfield>
   <subfield code="q">75212</subfield>
   <subfield code="t">NOLOAN</subfield>
   <subfield code="v">:(Μήνας)February;(Έτος)2011</subfield>
   <subfield code="y">23</subfield>
  </datafield>
  <datafield tag="852" ind1=" " ind2=" ">
   <subfield code="a">INST</subfield>
   <subfield code="b">UNIPILB</subfield>
   <subfield code="c">KET</subfield>
   <subfield code="e">20120411</subfield>
   <subfield code="h">Αλφαβητική σειρά</subfield>
   <subfield code="p">75213</subfield>
   <subfield code="q">75213</subfield>
   <subfield code="t">NOLOAN</subfield>
   <subfield code="v">no.32:(Μήνας)March;(Έτος)2011</subfield>
   <subfield code="y">23</subfield>
  </datafield>
  <datafield tag="852" ind1=" " ind2=" ">
   <subfield code="a">INST</subfield>
   <subfield code="b">UNIPILB</subfield>
   <subfield code="c">KET</subfield>
   <subfield code="e">20120411</subfield>
   <subfield code="h">Αλφαβητική σειρά</subfield>
   <subfield code="p">75214</subfield>
   <subfield code="q">75214</subfield>
   <subfield code="t">NOLOAN</subfield>
   <subfield code="v">no.1:(Μήνας)April;(Έτος)2011</subfield>
   <subfield code="y">23</subfield>
  </datafield>
  <datafield tag="852" ind1=" " ind2=" ">
   <subfield code="a">INST</subfield>
   <subfield code="b">UNIPILB</subfield>
   <subfield code="c">KET</subfield>
   <subfield code="e">20120411</subfield>
   <subfield code="h">Αλφαβητική σειρά</subfield>
   <subfield code="p">75215</subfield>
   <subfield code="q">75215</subfield>
   <subfield code="t">NOLOAN</subfield>
   <subfield code="v">no.2:(Μήνας)May;(Έτος)2011</subfield>
   <subfield code="y">23</subfield>
  </datafield>
  <datafield tag="852" ind1=" " ind2=" ">
   <subfield code="a">INST</subfield>
   <subfield code="b">UNIPILB</subfield>
   <subfield code="c">KET</subfield>
   <subfield code="e">20120411</subfield>
   <subfield code="h">Αλφαβητική σειρά</subfield>
   <subfield code="p">75216</subfield>
   <subfield code="q">75216</subfield>
   <subfield code="t">NOLOAN</subfield>
   <subfield code="v">no.3:(Μήνας)June;(Έτος)2011</subfield>
   <subfield code="y">23</subfield>
  </datafield>
  <datafield tag="852" ind1=" " ind2=" ">
   <subfield code="a">INST</subfield>
   <subfield code="b">UNIPILB</subfield>
   <subfield code="c">KET</subfield>
   <subfield code="e">20120411</subfield>
   <subfield code="h">Αλφαβητική σειρά</subfield>
   <subfield code="p">75217</subfield>
   <subfield code="q">75217</subfield>
   <subfield code="t">NOLOAN</subfield>
   <subfield code="v">no.13 (Research eu - results supplement)4:(Μήνες)July/August;(Έτος)2011</subfield>
   <subfield code="y">23</subfield>
  </datafield>
  <datafield tag="852" ind1=" " ind2=" ">
   <subfield code="a">INST</subfield>
   <subfield code="b">UNIPILB</subfield>
   <subfield code="c">KET</subfield>
   <subfield code="e">20120411</subfield>
   <subfield code="h">Αλφαβητική σειρά</subfield>
   <subfield code="p">75218</subfield>
   <subfield code="q">75218</subfield>
   <subfield code="t">NOLOAN</subfield>
   <subfield code="v">no.5:(Μήνας)September;(Έτος)2011</subfield>
   <subfield code="y">23</subfield>
  </datafield>
  <datafield tag="852" ind1=" " ind2=" ">
   <subfield code="a">INST</subfield>
   <subfield code="b">UNIPILB</subfield>
   <subfield code="c">KET</subfield>
   <subfield code="e">20120411</subfield>
   <subfield code="h">Αλφαβητική σειρά</subfield>
   <subfield code="p">75219</subfield>
   <subfield code="q">75219</subfield>
   <subfield code="t">NOLOAN</subfield>
   <subfield code="v">no.7:(Μήνας)November;(Έτος)2011</subfield>
   <subfield code="y">23</subfield>
  </datafield>
  <datafield tag="852" ind1=" " ind2=" ">
   <subfield code="a">INST</subfield>
   <subfield code="b">UNIPILB</subfield>
   <subfield code="c">KET</subfield>
   <subfield code="e">20120411</subfield>
   <subfield code="h">Αλφαβητική σειρά</subfield>
   <subfield code="p">75220</subfield>
   <subfield code="q">75220</subfield>
   <subfield code="t">NOLOAN</subfield>
   <subfield code="v">no.8:(Μήνας)December;(Έτος)2011</subfield>
   <subfield code="y">23</subfield>
  </datafield>
  <datafield tag="852" ind1=" " ind2=" ">
   <subfield code="a">INST</subfield>
   <subfield code="b">UNIPILB</subfield>
   <subfield code="c">KET</subfield>
   <subfield code="e">20120423</subfield>
   <subfield code="h">Αλφαβητική σειρά</subfield>
   <subfield code="p">75225</subfield>
   <subfield code="q">75225</subfield>
   <subfield code="t">NOLOAN</subfield>
   <subfield code="v">:(Μήνας)February;(Έτος)2012</subfield>
   <subfield code="y">23</subfield>
  </datafield>
  <datafield tag="852" ind1=" " ind2=" ">
   <subfield code="a">INST</subfield>
   <subfield code="b">UNIPILB</subfield>
   <subfield code="c">KET</subfield>
   <subfield code="e">20120423</subfield>
   <subfield code="h">Αλφαβητική σειρά</subfield>
   <subfield code="p">75227</subfield>
   <subfield code="q">75227</subfield>
   <subfield code="t">NOLOAN</subfield>
   <subfield code="v">no.48 (Research eu - results magazine):(Μήνας,Έτος)Dec.15/Jan. : 2016</subfield>
   <subfield code="y">23</subfield>
  </datafield>
  <datafield tag="852" ind1=" " ind2=" ">
   <subfield code="a">INST</subfield>
   <subfield code="b">UNIPILB</subfield>
   <subfield code="c">KET</subfield>
   <subfield code="e">20120517</subfield>
   <subfield code="h">Αλφαβητική σειρά</subfield>
   <subfield code="p">75454</subfield>
   <subfield code="q">75454</subfield>
   <subfield code="t">NOLOAN</subfield>
   <subfield code="v">no.11:(Μήνας)April;(Έτος)2012</subfield>
   <subfield code="y">23</subfield>
  </datafield>
  <datafield tag="852" ind1=" " ind2=" ">
   <subfield code="a">INST</subfield>
   <subfield code="b">UNIPILB</subfield>
   <subfield code="c">KET</subfield>
   <subfield code="e">20120619</subfield>
   <subfield code="h">Αλφαβητική σειρά</subfield>
   <subfield code="p">75784</subfield>
   <subfield code="q">75784</subfield>
   <subfield code="t">NOLOAN</subfield>
   <subfield code="v">no.12:(Μήνας)May;(Έτος)2012</subfield>
   <subfield code="y">23</subfield>
  </datafield>
  <datafield tag="852" ind1=" " ind2=" ">
   <subfield code="a">INST</subfield>
   <subfield code="b">UNIPILB</subfield>
   <subfield code="c">KET</subfield>
   <subfield code="e">20120619</subfield>
   <subfield code="h">Αλφαβητική σειρά</subfield>
   <subfield code="p">75785</subfield>
   <subfield code="q">75785</subfield>
   <subfield code="t">NOLOAN</subfield>
   <subfield code="v">no.13:(Μήνας)May;(Έτος)2012</subfield>
   <subfield code="y">23</subfield>
  </datafield>
  <datafield tag="852" ind1=" " ind2=" ">
   <subfield code="a">INST</subfield>
   <subfield code="b">UNIPILB</subfield>
   <subfield code="c">KET</subfield>
   <subfield code="e">20120706</subfield>
   <subfield code="h">Αλφαβητική σειρά</subfield>
   <subfield code="p">76020</subfield>
   <subfield code="q">76020</subfield>
   <subfield code="t">NOLOAN</subfield>
   <subfield code="v">no.13 Results magazine:(Μήνας)June;(Έτος)2012</subfield>
   <subfield code="y">23</subfield>
  </datafield>
  <datafield tag="852" ind1=" " ind2=" ">
   <subfield code="a">INST</subfield>
   <subfield code="b">UNIPILB</subfield>
   <subfield code="c">KET</subfield>
   <subfield code="e">20120903</subfield>
   <subfield code="h">Αλφαβητική σειρά</subfield>
   <subfield code="p">76358</subfield>
   <subfield code="q">76358</subfield>
   <subfield code="t">NOLOAN</subfield>
   <subfield code="v">no.13 (Research eu - results supplement)14 Results magazine:(Μήνες)July/August;(Έτος)2013 </subfield>
   <subfield code="y">23</subfield>
  </datafield>
  <datafield tag="852" ind1=" " ind2=" ">
   <subfield code="a">INST</subfield>
   <subfield code="b">UNIPILB</subfield>
   <subfield code="c">KET</subfield>
   <subfield code="e">20120921</subfield>
   <subfield code="h">Αλφαβητική σειρά</subfield>
   <subfield code="p">76550</subfield>
   <subfield code="q">76550</subfield>
   <subfield code="t">NOLOAN</subfield>
   <subfield code="v">no.15:(Μήνας)September;(Έτος)2012</subfield>
   <subfield code="y">23</subfield>
  </datafield>
  <datafield tag="852" ind1=" " ind2=" ">
   <subfield code="a">INST</subfield>
   <subfield code="b">UNIPILB</subfield>
   <subfield code="c">KET</subfield>
   <subfield code="e">20121016</subfield>
   <subfield code="h">Αλφαβητική σειρά</subfield>
   <subfield code="p">76907</subfield>
   <subfield code="q">76907</subfield>
   <subfield code="t">NOLOAN</subfield>
   <subfield code="v">no.16:(Μήνας)October;(Έτος)2012</subfield>
   <subfield code="y">23</subfield>
  </datafield>
  <datafield tag="852" ind1=" " ind2=" ">
   <subfield code="a">INST</subfield>
   <subfield code="b">UNIPILB</subfield>
   <subfield code="c">KET</subfield>
   <subfield code="e">20121113</subfield>
   <subfield code="h">Αλφαβητική σειρά</subfield>
   <subfield code="p">77097</subfield>
   <subfield code="q">77097</subfield>
   <subfield code="t">NOLOAN</subfield>
   <subfield code="v">no.17:(Μήνας)November;(Έτος)2012</subfield>
   <subfield code="y">23</subfield>
  </datafield>
  <datafield tag="852" ind1=" " ind2=" ">
   <subfield code="a">INST</subfield>
   <subfield code="b">UNIPILB</subfield>
   <subfield code="c">KET</subfield>
   <subfield code="e">20130116</subfield>
   <subfield code="h">Αλφαβητική σειρά</subfield>
   <subfield code="p">77513</subfield>
   <subfield code="q">77513</subfield>
   <subfield code="t">NOLOAN</subfield>
   <subfield code="v">no.18:(Μήνας,Έτος)December 2012/January 2013</subfield>
   <subfield code="y">23</subfield>
  </datafield>
  <datafield tag="852" ind1=" " ind2=" ">
   <subfield code="a">INST</subfield>
   <subfield code="b">UNIPILB</subfield>
   <subfield code="c">KET</subfield>
   <subfield code="e">20130222</subfield>
   <subfield code="h">Αλφαβητική σειρά</subfield>
   <subfield code="p">78147</subfield>
   <subfield code="q">78147</subfield>
   <subfield code="t">NOLOAN</subfield>
   <subfield code="v">no.19:(Μήνας)February;(Έτος)2013</subfield>
   <subfield code="y">23</subfield>
  </datafield>
  <datafield tag="852" ind1=" " ind2=" ">
   <subfield code="a">INST</subfield>
   <subfield code="b">UNIPILB</subfield>
   <subfield code="c">KET</subfield>
   <subfield code="e">20131211</subfield>
   <subfield code="h">Αλφαβητική σειρά</subfield>
   <subfield code="p">81647</subfield>
   <subfield code="q">81647</subfield>
   <subfield code="t">NOLOAN</subfield>
   <subfield code="v">no.27:(Μήνας)November;(Έτος)2013</subfield>
   <subfield code="y">23</subfield>
  </datafield>
  <datafield tag="852" ind1=" " ind2=" ">
   <subfield code="a">INST</subfield>
   <subfield code="b">UNIPILB</subfield>
   <subfield code="c">KET</subfield>
   <subfield code="e">20140304</subfield>
   <subfield code="h">Αλφαβητική σειρά</subfield>
   <subfield code="p">82229</subfield>
   <subfield code="q">82229</subfield>
   <subfield code="t">NOLOAN</subfield>
   <subfield code="v">no.29:(Μήνας)February;(Έτος)2014</subfield>
   <subfield code="y">23</subfield>
  </datafield>
  <datafield tag="852" ind1=" " ind2=" ">
   <subfield code="a">INST</subfield>
   <subfield code="b">UNIPILB</subfield>
   <subfield code="c">KET</subfield>
   <subfield code="e">20140331</subfield>
   <subfield code="h">Αλφαβητική σειρά</subfield>
   <subfield code="p">82643</subfield>
   <subfield code="q">82643</subfield>
   <subfield code="t">NOLOAN</subfield>
   <subfield code="v">no.30:(Μήνας)March;(Έτος)2014</subfield>
   <subfield code="y">23</subfield>
  </datafield>
  <datafield tag="852" ind1=" " ind2=" ">
   <subfield code="a">INST</subfield>
   <subfield code="b">UNIPILB</subfield>
   <subfield code="c">KET</subfield>
   <subfield code="e">20140512</subfield>
   <subfield code="h">Αλφαβητική σειρά</subfield>
   <subfield code="p">83114</subfield>
   <subfield code="q">83114</subfield>
   <subfield code="t">NOLOAN</subfield>
   <subfield code="v">no.20:(Μήνας)March;(Έτος)2013</subfield>
   <subfield code="y">23</subfield>
  </datafield>
  <datafield tag="852" ind1=" " ind2=" ">
   <subfield code="a">INST</subfield>
   <subfield code="b">UNIPILB</subfield>
   <subfield code="c">KET</subfield>
   <subfield code="e">20140512</subfield>
   <subfield code="h">Αλφαβητική σειρά</subfield>
   <subfield code="p">83115</subfield>
   <subfield code="q">83115</subfield>
   <subfield code="t">NOLOAN</subfield>
   <subfield code="v">no.21:(Μήνας)April;(Έτος)2013</subfield>
   <subfield code="y">23</subfield>
  </datafield>
  <datafield tag="852" ind1=" " ind2=" ">
   <subfield code="a">INST</subfield>
   <subfield code="b">UNIPILB</subfield>
   <subfield code="c">KET</subfield>
   <subfield code="e">20140512</subfield>
   <subfield code="h">Αλφαβητική σειρά</subfield>
   <subfield code="p">83116</subfield>
   <subfield code="q">83116</subfield>
   <subfield code="t">NOLOAN</subfield>
   <subfield code="v">no.22:(Μήνας)May;(Έτος)2013</subfield>
   <subfield code="y">23</subfield>
  </datafield>
  <datafield tag="852" ind1=" " ind2=" ">
   <subfield code="a">INST</subfield>
   <subfield code="b">UNIPILB</subfield>
   <subfield code="c">KET</subfield>
   <subfield code="e">20140512</subfield>
   <subfield code="h">Αλφαβητική σειρά</subfield>
   <subfield code="p">83117</subfield>
   <subfield code="q">83117</subfield>
   <subfield code="t">NOLOAN</subfield>
   <subfield code="v">no.23:(Μήνας)June;(Έτος)2013</subfield>
   <subfield code="y">23</subfield>
  </datafield>
  <datafield tag="852" ind1=" " ind2=" ">
   <subfield code="a">INST</subfield>
   <subfield code="b">UNIPILB</subfield>
   <subfield code="c">KET</subfield>
   <subfield code="e">20140512</subfield>
   <subfield code="h">Αλφαβητική σειρά</subfield>
   <subfield code="p">83118</subfield>
   <subfield code="q">83118</subfield>
   <subfield code="t">NOLOAN</subfield>
   <subfield code="v">no.24:(Μήνας)July;(Έτος)2013</subfield>
   <subfield code="y">23</subfield>
  </datafield>
  <datafield tag="852" ind1=" " ind2=" ">
   <subfield code="a">INST</subfield>
   <subfield code="b">UNIPILB</subfield>
   <subfield code="c">KET</subfield>
   <subfield code="e">20140512</subfield>
   <subfield code="h">Αλφαβητική σειρά</subfield>
   <subfield code="p">83119</subfield>
   <subfield code="q">83119</subfield>
   <subfield code="t">NOLOAN</subfield>
   <subfield code="v">no.25:(Μήνας)August;(Έτος)2013</subfield>
   <subfield code="y">23</subfield>
  </datafield>
  <datafield tag="852" ind1=" " ind2=" ">
   <subfield code="a">INST</subfield>
   <subfield code="b">UNIPILB</subfield>
   <subfield code="c">KET</subfield>
   <subfield code="e">20140512</subfield>
   <subfield code="h">Αλφαβητική σειρά</subfield>
   <subfield code="p">83120</subfield>
   <subfield code="q">83120</subfield>
   <subfield code="t">NOLOAN</subfield>
   <subfield code="v">no.26:(Μήνας)September;(Έτος)2013</subfield>
   <subfield code="y">23</subfield>
  </datafield>
  <datafield tag="852" ind1=" " ind2=" ">
   <subfield code="a">INST</subfield>
   <subfield code="b">UNIPILB</subfield>
   <subfield code="c">KET</subfield>
   <subfield code="e">20140512</subfield>
   <subfield code="h">Αλφαβητική σειρά</subfield>
   <subfield code="p">83121</subfield>
   <subfield code="q">83121</subfield>
   <subfield code="t">NOLOAN</subfield>
   <subfield code="v">no.28:(Μήνας)December;(Έτος)2013</subfield>
   <subfield code="y">23</subfield>
  </datafield>
  <datafield tag="852" ind1=" " ind2=" ">
   <subfield code="a">INST</subfield>
   <subfield code="b">UNIPILB</subfield>
   <subfield code="c">KET</subfield>
   <subfield code="e">20140512</subfield>
   <subfield code="h">Αλφαβητική σειρά</subfield>
   <subfield code="p">83122</subfield>
   <subfield code="q">83122</subfield>
   <subfield code="t">NOLOAN</subfield>
   <subfield code="v">no.31:(Μήνας)April;(Έτος)2014</subfield>
   <subfield code="y">23</subfield>
  </datafield>
  <datafield tag="852" ind1=" " ind2=" ">
   <subfield code="a">INST</subfield>
   <subfield code="b">UNIPILB</subfield>
   <subfield code="c">KET</subfield>
   <subfield code="e">20140512</subfield>
   <subfield code="h">Αλφαβητική σειρά</subfield>
   <subfield code="p">83123</subfield>
   <subfield code="q">83123</subfield>
   <subfield code="t">NOLOAN</subfield>
   <subfield code="v">:(Μήνας)April;(Έτος)2014</subfield>
   <subfield code="y">23</subfield>
  </datafield>
  <datafield tag="852" ind1=" " ind2=" ">
   <subfield code="a">INST</subfield>
   <subfield code="b">UNIPILB</subfield>
   <subfield code="c">KET</subfield>
   <subfield code="e">20140617</subfield>
   <subfield code="h">Αλφαβητική σειρά</subfield>
   <subfield code="p">83637</subfield>
   <subfield code="q">83637</subfield>
   <subfield code="t">NOLOAN</subfield>
   <subfield code="v">no.32:(Μήνας)May;(Έτος)2014</subfield>
   <subfield code="y">23</subfield>
  </datafield>
  <datafield tag="852" ind1=" " ind2=" ">
   <subfield code="a">INST</subfield>
   <subfield code="b">UNIPILB</subfield>
   <subfield code="c">KET</subfield>
   <subfield code="e">20140701</subfield>
   <subfield code="h">Αλφαβητική σειρά</subfield>
   <subfield code="p">84077</subfield>
   <subfield code="q">84077</subfield>
   <subfield code="t">NOLOAN</subfield>
   <subfield code="v">no.33:(Μήνας)June;(Έτος)2014</subfield>
   <subfield code="y">23</subfield>
  </datafield>
  <datafield tag="852" ind1=" " ind2=" ">
   <subfield code="a">INST</subfield>
   <subfield code="b">UNIPILB</subfield>
   <subfield code="c">KET</subfield>
   <subfield code="e">20140923</subfield>
   <subfield code="h">Αλφαβητική σειρά</subfield>
   <subfield code="p">85054</subfield>
   <subfield code="q">85054</subfield>
   <subfield code="t">NOLOAN</subfield>
   <subfield code="v">no.35:(Μήνας)Sept.;(Έτος)2014</subfield>
   <subfield code="y">23</subfield>
  </datafield>
  <datafield tag="852" ind1=" " ind2=" ">
   <subfield code="a">INST</subfield>
   <subfield code="b">UNIPILB</subfield>
   <subfield code="c">KET</subfield>
   <subfield code="e">20141110</subfield>
   <subfield code="h">Αλφαβητική σειρά</subfield>
   <subfield code="p">85310</subfield>
   <subfield code="q">85310</subfield>
   <subfield code="t">NOLOAN</subfield>
   <subfield code="v">no.36:(Μήνας)October;(Έτος)2014</subfield>
   <subfield code="y">23</subfield>
  </datafield>
  <datafield tag="852" ind1=" " ind2=" ">
   <subfield code="a">INST</subfield>
   <subfield code="b">UNIPILB</subfield>
   <subfield code="c">KET</subfield>
   <subfield code="e">20141127</subfield>
   <subfield code="h">Αλφαβητική σειρά</subfield>
   <subfield code="p">85424</subfield>
   <subfield code="q">85424</subfield>
   <subfield code="t">NOLOAN</subfield>
   <subfield code="v">no.37:(Μήνας)November;(Έτος)2014</subfield>
   <subfield code="y">23</subfield>
  </datafield>
  <datafield tag="852" ind1=" " ind2=" ">
   <subfield code="a">INST</subfield>
   <subfield code="b">UNIPILB</subfield>
   <subfield code="c">KET</subfield>
   <subfield code="e">20150121</subfield>
   <subfield code="h">Αλφαβητική σειρά</subfield>
   <subfield code="p">85587</subfield>
   <subfield code="q">85587</subfield>
   <subfield code="t">NOLOAN</subfield>
   <subfield code="v">no.38:(Μήνας,Έτος)December 2014/January 2015</subfield>
   <subfield code="y">23</subfield>
  </datafield>
  <datafield tag="852" ind1=" " ind2=" ">
   <subfield code="a">INST</subfield>
   <subfield code="b">UNIPILB</subfield>
   <subfield code="c">KET</subfield>
   <subfield code="e">20150220</subfield>
   <subfield code="h">Αλφαβητική σειρά</subfield>
   <subfield code="p">85858</subfield>
   <subfield code="q">85858</subfield>
   <subfield code="t">NOLOAN</subfield>
   <subfield code="v">no.39:(Μήνας)February;(Έτος)2015</subfield>
   <subfield code="y">23</subfield>
  </datafield>
  <datafield tag="852" ind1=" " ind2=" ">
   <subfield code="a">INST</subfield>
   <subfield code="b">UNIPILB</subfield>
   <subfield code="c">KET</subfield>
   <subfield code="e">20150323</subfield>
   <subfield code="h">Αλφαβητική σειρά</subfield>
   <subfield code="p">86126</subfield>
   <subfield code="q">86126</subfield>
   <subfield code="t">NOLOAN</subfield>
   <subfield code="v">:(Μήνας,Έτος)2015</subfield>
   <subfield code="y">23</subfield>
  </datafield>
  <datafield tag="852" ind1=" " ind2=" ">
   <subfield code="a">INST</subfield>
   <subfield code="b">UNIPILB</subfield>
   <subfield code="c">KET</subfield>
   <subfield code="e">20150423</subfield>
   <subfield code="h">Αλφαβητική σειρά</subfield>
   <subfield code="p">86283</subfield>
   <subfield code="q">86283</subfield>
   <subfield code="t">NOLOAN</subfield>
   <subfield code="v">no.40:(Μήνας)March;(Έτος)2015</subfield>
   <subfield code="y">23</subfield>
  </datafield>
  <datafield tag="852" ind1=" " ind2=" ">
   <subfield code="a">INST</subfield>
   <subfield code="b">UNIPILB</subfield>
   <subfield code="c">KET</subfield>
   <subfield code="e">20150611</subfield>
   <subfield code="h">Αλφαβητική σειρά</subfield>
   <subfield code="p">86564</subfield>
   <subfield code="q">86564</subfield>
   <subfield code="t">NOLOAN</subfield>
   <subfield code="v">no.41:(Μήνας)April;(Έτος)2015</subfield>
   <subfield code="y">23</subfield>
  </datafield>
  <datafield tag="852" ind1=" " ind2=" ">
   <subfield code="a">INST</subfield>
   <subfield code="b">UNIPILB</subfield>
   <subfield code="c">KET</subfield>
   <subfield code="e">20150625</subfield>
   <subfield code="h">Αλφαβητική σειρά</subfield>
   <subfield code="p">86675</subfield>
   <subfield code="q">86675</subfield>
   <subfield code="t">NOLOAN</subfield>
   <subfield code="v">no.42:(Μήνας)May;(Έτος)2015</subfield>
   <subfield code="y">23</subfield>
  </datafield>
  <datafield tag="852" ind1=" " ind2=" ">
   <subfield code="a">INST</subfield>
   <subfield code="b">UNIPILB</subfield>
   <subfield code="c">KET</subfield>
   <subfield code="e">20150709</subfield>
   <subfield code="h">Αλφαβητική σειρά</subfield>
   <subfield code="p">86748</subfield>
   <subfield code="q">86748</subfield>
   <subfield code="t">NOLOAN</subfield>
   <subfield code="v">no.43:(Μήνας)June;(Έτος)2015</subfield>
   <subfield code="y">23</subfield>
  </datafield>
  <datafield tag="852" ind1=" " ind2=" ">
   <subfield code="a">INST</subfield>
   <subfield code="b">UNIPILB</subfield>
   <subfield code="c">KET</subfield>
   <subfield code="e">20150825</subfield>
   <subfield code="h">Αλφαβητική σειρά</subfield>
   <subfield code="p">86872</subfield>
   <subfield code="q">86872</subfield>
   <subfield code="t">NOLOAN</subfield>
   <subfield code="v">no.44:(Μήνας)July;(Έτος)2015</subfield>
   <subfield code="y">23</subfield>
  </datafield>
  <datafield tag="852" ind1=" " ind2=" ">
   <subfield code="a">INST</subfield>
   <subfield code="b">UNIPILB</subfield>
   <subfield code="c">KET</subfield>
   <subfield code="e">20151001</subfield>
   <subfield code="h">Αλφαβητική σειρά</subfield>
   <subfield code="p">87011</subfield>
   <subfield code="q">87011</subfield>
   <subfield code="t">NOLOAN</subfield>
   <subfield code="v">no.13 (Research eu - results supplement)45:(Μήνες)August /September;(Έτος)2015</subfield>
   <subfield code="y">23</subfield>
  </datafield>
  <datafield tag="852" ind1=" " ind2=" ">
   <subfield code="a">INST</subfield>
   <subfield code="b">UNIPILB</subfield>
   <subfield code="c">KET</subfield>
   <subfield code="e">20151123</subfield>
   <subfield code="h">Αλφαβητική σειρά</subfield>
   <subfield code="p">87120</subfield>
   <subfield code="q">87120</subfield>
   <subfield code="t">NOLOAN</subfield>
   <subfield code="v">τομ.46 Research eu:(έτος) results magazine</subfield>
   <subfield code="y">23</subfield>
  </datafield>
  <datafield tag="852" ind1=" " ind2=" ">
   <subfield code="a">INST</subfield>
   <subfield code="b">UNIPILB</subfield>
   <subfield code="c">KET</subfield>
   <subfield code="e">20151204</subfield>
   <subfield code="h">Αλφαβητική σειρά</subfield>
   <subfield code="p">87130</subfield>
   <subfield code="q">87130</subfield>
   <subfield code="t">NOLOAN</subfield>
   <subfield code="v">no.47:(Μήνας)November;(Έτος)2015</subfield>
   <subfield code="y">23</subfield>
  </datafield>
  <datafield tag="852" ind1=" " ind2=" ">
   <subfield code="a">INST</subfield>
   <subfield code="b">UNIPILB</subfield>
   <subfield code="c">KET</subfield>
   <subfield code="e">20160113</subfield>
   <subfield code="h">Αλφαβητική σειρά</subfield>
   <subfield code="p">87166</subfield>
   <subfield code="q">87166</subfield>
   <subfield code="t">NOLOAN</subfield>
   <subfield code="v">:(Μήνας)April;(Έτος)2010</subfield>
   <subfield code="y">23</subfield>
  </datafield>
  <datafield tag="852" ind1=" " ind2=" ">
   <subfield code="a">INST</subfield>
   <subfield code="b">UNIPILB</subfield>
   <subfield code="c">KET</subfield>
   <subfield code="e">20160113</subfield>
   <subfield code="h">Αλφαβητική σειρά</subfield>
   <subfield code="p">87167</subfield>
   <subfield code="q">87167</subfield>
   <subfield code="t">NOLOAN</subfield>
   <subfield code="v">:(Μήνας)March;(Έτος)2009</subfield>
   <subfield code="y">23</subfield>
  </datafield>
  <datafield tag="852" ind1=" " ind2=" ">
   <subfield code="a">INST</subfield>
   <subfield code="b">UNIPILB</subfield>
   <subfield code="c">KET</subfield>
   <subfield code="e">20160113</subfield>
   <subfield code="h">Αλφαβητική σειρά</subfield>
   <subfield code="p">87168</subfield>
   <subfield code="q">87168</subfield>
   <subfield code="t">NOLOAN</subfield>
   <subfield code="v">:(Μήνας)August;(Έτος)2010</subfield>
   <subfield code="y">23</subfield>
  </datafield>
  <datafield tag="852" ind1=" " ind2=" ">
   <subfield code="a">INST</subfield>
   <subfield code="b">UNIPILB</subfield>
   <subfield code="c">KET</subfield>
   <subfield code="e">20160113</subfield>
   <subfield code="h">Αλφαβητική σειρά</subfield>
   <subfield code="p">87169</subfield>
   <subfield code="q">87169</subfield>
   <subfield code="t">NOLOAN</subfield>
   <subfield code="v">:(Μήνες)Jan./Feb.;(Έτος)2010</subfield>
   <subfield code="y">23</subfield>
  </datafield>
  <datafield tag="852" ind1=" " ind2=" ">
   <subfield code="a">INST</subfield>
   <subfield code="b">UNIPILB</subfield>
   <subfield code="c">KET</subfield>
   <subfield code="e">20160113</subfield>
   <subfield code="h">Αλφαβητική σειρά</subfield>
   <subfield code="p">87170</subfield>
   <subfield code="q">87170</subfield>
   <subfield code="t">NOLOAN</subfield>
   <subfield code="v">:(Μήνας)March;(Έτος)2010</subfield>
   <subfield code="y">23</subfield>
  </datafield>
  <datafield tag="852" ind1=" " ind2=" ">
   <subfield code="a">INST</subfield>
   <subfield code="b">UNIPILB</subfield>
   <subfield code="c">KET</subfield>
   <subfield code="e">20160113</subfield>
   <subfield code="h">Αλφαβητική σειρά</subfield>
   <subfield code="p">87171</subfield>
   <subfield code="q">87171</subfield>
   <subfield code="t">NOLOAN</subfield>
   <subfield code="v">iss.Special issue:(Μήνας)December;(Έτος)2007</subfield>
   <subfield code="y">23</subfield>
  </datafield>
  <datafield tag="852" ind1=" " ind2=" ">
   <subfield code="a">INST</subfield>
   <subfield code="b">UNIPILB</subfield>
   <subfield code="c">KET</subfield>
   <subfield code="e">20160113</subfield>
   <subfield code="h">Αλφαβητική σειρά</subfield>
   <subfield code="p">87172</subfield>
   <subfield code="q">87172</subfield>
   <subfield code="t">NOLOAN</subfield>
   <subfield code="v">iss.Special issue:(Μήνας)November;(Έτος)2009</subfield>
   <subfield code="y">23</subfield>
  </datafield>
  <datafield tag="852" ind1=" " ind2=" ">
   <subfield code="a">INST</subfield>
   <subfield code="b">UNIPILB</subfield>
   <subfield code="c">KET</subfield>
   <subfield code="e">20160113</subfield>
   <subfield code="h">Αλφαβητική σειρά</subfield>
   <subfield code="p">87173</subfield>
   <subfield code="q">87173</subfield>
   <subfield code="t">NOLOAN</subfield>
   <subfield code="v">:(Μήνας)October;(Έτος)2009</subfield>
   <subfield code="y">23</subfield>
  </datafield>
  <datafield tag="852" ind1=" " ind2=" ">
   <subfield code="a">INST</subfield>
   <subfield code="b">UNIPILB</subfield>
   <subfield code="c">KET</subfield>
   <subfield code="e">20160113</subfield>
   <subfield code="h">Αλφαβητική σειρά</subfield>
   <subfield code="p">87174</subfield>
   <subfield code="q">87174</subfield>
   <subfield code="t">NOLOAN</subfield>
   <subfield code="v">:(Μήνες)Jul./Aug.;(Έτος)2009</subfield>
   <subfield code="y">23</subfield>
  </datafield>
  <datafield tag="852" ind1=" " ind2=" ">
   <subfield code="a">INST</subfield>
   <subfield code="b">UNIPILB</subfield>
   <subfield code="c">KET</subfield>
   <subfield code="e">20160113</subfield>
   <subfield code="h">Αλφαβητική σειρά</subfield>
   <subfield code="p">87175</subfield>
   <subfield code="q">87175</subfield>
   <subfield code="t">NOLOAN</subfield>
   <subfield code="v">:(Μήνας)May;(Έτος)2010</subfield>
   <subfield code="y">23</subfield>
  </datafield>
  <datafield tag="852" ind1=" " ind2=" ">
   <subfield code="a">INST</subfield>
   <subfield code="b">UNIPILB</subfield>
   <subfield code="c">KET</subfield>
   <subfield code="e">20160114</subfield>
   <subfield code="h">Αλφαβητική σειρά</subfield>
   <subfield code="p">87238</subfield>
   <subfield code="q">87238</subfield>
   <subfield code="t">NOLOAN</subfield>
   <subfield code="v">:(Μήνες)Jul/Aug.;(Έτος)2008</subfield>
   <subfield code="y">23</subfield>
  </datafield>
  <datafield tag="852" ind1=" " ind2=" ">
   <subfield code="a">INST</subfield>
   <subfield code="b">UNIPILB</subfield>
   <subfield code="c">KET</subfield>
   <subfield code="e">20160114</subfield>
   <subfield code="h">Αλφαβητική σειρά</subfield>
   <subfield code="p">87239</subfield>
   <subfield code="q">87239</subfield>
   <subfield code="t">NOLOAN</subfield>
   <subfield code="v">:(Μήνας)February;(Έτος)2008</subfield>
   <subfield code="y">23</subfield>
  </datafield>
  <datafield tag="852" ind1=" " ind2=" ">
   <subfield code="a">INST</subfield>
   <subfield code="b">UNIPILB</subfield>
   <subfield code="c">KET</subfield>
   <subfield code="e">20160114</subfield>
   <subfield code="h">Αλφαβητική σειρά</subfield>
   <subfield code="p">87240</subfield>
   <subfield code="q">87240</subfield>
   <subfield code="t">NOLOAN</subfield>
   <subfield code="v">iss.Special issue:(Μήνας)Septermber;(Έτος)2008</subfield>
   <subfield code="y">23</subfield>
  </datafield>
  <datafield tag="852" ind1=" " ind2=" ">
   <subfield code="a">INST</subfield>
   <subfield code="b">UNIPILB</subfield>
   <subfield code="c">KET</subfield>
   <subfield code="e">20160114</subfield>
   <subfield code="h">Αλφαβητική σειρά</subfield>
   <subfield code="p">87241</subfield>
   <subfield code="q">87241</subfield>
   <subfield code="t">NOLOAN</subfield>
   <subfield code="v">:(Μήνας)January;(Έτος)2009</subfield>
   <subfield code="y">23</subfield>
  </datafield>
  <datafield tag="852" ind1=" " ind2=" ">
   <subfield code="a">INST</subfield>
   <subfield code="b">UNIPILB</subfield>
   <subfield code="c">KET</subfield>
   <subfield code="e">20160114</subfield>
   <subfield code="h">Αλφαβητική σειρά</subfield>
   <subfield code="p">87242</subfield>
   <subfield code="q">87242</subfield>
   <subfield code="t">NOLOAN</subfield>
   <subfield code="v">:(Μήνας)February;(Έτος)2009</subfield>
   <subfield code="y">23</subfield>
  </datafield>
  <datafield tag="852" ind1=" " ind2=" ">
   <subfield code="a">INST</subfield>
   <subfield code="b">UNIPILB</subfield>
   <subfield code="c">KET</subfield>
   <subfield code="e">20160114</subfield>
   <subfield code="h">Αλφαβητική σειρά</subfield>
   <subfield code="p">87243</subfield>
   <subfield code="q">87243</subfield>
   <subfield code="t">NOLOAN</subfield>
   <subfield code="v">:(Μήνες)March/April;(Έτος)2009</subfield>
   <subfield code="y">23</subfield>
  </datafield>
  <datafield tag="852" ind1=" " ind2=" ">
   <subfield code="a">INST</subfield>
   <subfield code="b">UNIPILB</subfield>
   <subfield code="c">KET</subfield>
   <subfield code="e">20160114</subfield>
   <subfield code="h">Αλφαβητική σειρά</subfield>
   <subfield code="p">87244</subfield>
   <subfield code="q">87244</subfield>
   <subfield code="t">NOLOAN</subfield>
   <subfield code="v">:(Μήνας)November;(Έτος)2009</subfield>
   <subfield code="y">23</subfield>
  </datafield>
  <datafield tag="852" ind1=" " ind2=" ">
   <subfield code="a">INST</subfield>
   <subfield code="b">UNIPILB</subfield>
   <subfield code="c">KET</subfield>
   <subfield code="e">20160114</subfield>
   <subfield code="h">Αλφαβητική σειρά</subfield>
   <subfield code="p">87245</subfield>
   <subfield code="q">87245</subfield>
   <subfield code="t">NOLOAN</subfield>
   <subfield code="v">:(Μήνας)May;(Έτος)2009</subfield>
   <subfield code="y">23</subfield>
  </datafield>
  <datafield tag="852" ind1=" " ind2=" ">
   <subfield code="a">INST</subfield>
   <subfield code="b">UNIPILB</subfield>
   <subfield code="c">KET</subfield>
   <subfield code="e">20160114</subfield>
   <subfield code="h">Αλφαβητική σειρά</subfield>
   <subfield code="p">87246</subfield>
   <subfield code="q">87246</subfield>
   <subfield code="t">NOLOAN</subfield>
   <subfield code="v">:(Μήνας)June;(Έτος)2010</subfield>
   <subfield code="y">23</subfield>
  </datafield>
  <datafield tag="852" ind1=" " ind2=" ">
   <subfield code="a">INST</subfield>
   <subfield code="b">UNIPILB</subfield>
   <subfield code="c">KET</subfield>
   <subfield code="e">20160114</subfield>
   <subfield code="h">Αλφαβητική σειρά</subfield>
   <subfield code="p">87247</subfield>
   <subfield code="q">87247</subfield>
   <subfield code="t">NOLOAN</subfield>
   <subfield code="v">:(Μήνες)Jul/Aug.;(Έτος)2010</subfield>
   <subfield code="y">23</subfield>
  </datafield>
  <datafield tag="852" ind1=" " ind2=" ">
   <subfield code="a">INST</subfield>
   <subfield code="b">UNIPILB</subfield>
   <subfield code="c">KET</subfield>
   <subfield code="e">20160114</subfield>
   <subfield code="h">Αλφαβητική σειρά</subfield>
   <subfield code="p">87248</subfield>
   <subfield code="q">87248</subfield>
   <subfield code="t">NOLOAN</subfield>
   <subfield code="v">:(Μήνας)November;(Έτος)2010</subfield>
   <subfield code="y">23</subfield>
  </datafield>
  <datafield tag="852" ind1=" " ind2=" ">
   <subfield code="a">INST</subfield>
   <subfield code="b">UNIPILB</subfield>
   <subfield code="c">KET</subfield>
   <subfield code="e">20160202</subfield>
   <subfield code="h">Αλφαβητική σειρά</subfield>
   <subfield code="p">87385</subfield>
   <subfield code="q">87385</subfield>
   <subfield code="t">NOLOAN</subfield>
   <subfield code="v">:(Μήνας,Έτος)Dec.15/Jan.2016</subfield>
   <subfield code="y">23</subfield>
  </datafield>
  <datafield tag="852" ind1=" " ind2=" ">
   <subfield code="a">INST</subfield>
   <subfield code="b">UNIPILB</subfield>
   <subfield code="c">KET</subfield>
   <subfield code="e">20160406</subfield>
   <subfield code="h">Αλφαβητική σειρά</subfield>
   <subfield code="p">87702</subfield>
   <subfield code="q">87702</subfield>
   <subfield code="t">NOLOAN</subfield>
   <subfield code="v">no.49 Research eu - results magazine:(Μήνας)February;(Έτος)2016 </subfield>
   <subfield code="y">23</subfield>
  </datafield>
  <datafield tag="852" ind1=" " ind2=" ">
   <subfield code="a">INST</subfield>
   <subfield code="b">UNIPILB</subfield>
   <subfield code="c">SERIALS</subfield>
   <subfield code="e">20110404</subfield>
   <subfield code="h">Αλφαβητική σειρά</subfield>
   <subfield code="p">NB000358</subfield>
   <subfield code="q">NB000358</subfield>
   <subfield code="t">NOLOAN</subfield>
   <subfield code="v">no.55:(Μήνας)January;(Έτος)2008</subfield>
   <subfield code="y">23</subfield>
  </datafield>
  <datafield tag="852" ind1=" " ind2=" ">
   <subfield code="a">INST</subfield>
   <subfield code="b">UNIPILB</subfield>
   <subfield code="c">SERIALS</subfield>
   <subfield code="e">20100316</subfield>
   <subfield code="h">Αλφαβητική σειρά</subfield>
   <subfield code="p">NB000359</subfield>
   <subfield code="q">NB000359</subfield>
   <subfield code="t">NOLOAN</subfield>
   <subfield code="v">no.13 (Research eu - results supplement)21 Research eu - results supplement:(Μήνες)Ιαν./Φεβ./Μάρ.;(Έτος)2010</subfield>
   <subfield code="y">23</subfield>
  </datafield>
  <datafield tag="856" ind1="4" ind2="1">
   <subfield code="u">http://ec.europa.eu/research/research-eu/index_en.html</subfield>
  </datafield>
  <datafield tag="900" ind1=" " ind2=" ">
   <subfield code="a">No. 82 (October 2018)</subfield>
   <subfield code="b">Οφειλόμενο</subfield>
   <subfield code="c">15/03/2019</subfield>
  </datafield>
  <datafield tag="900" ind1=" " ind2=" ">
   <subfield code="a">No. 62 (August 2009)</subfield>
   <subfield code="b">Οφειλόμενο</subfield>
   <subfield code="c">12/01/2011</subfield>
  </datafield>
  <datafield tag="900" ind1=" " ind2=" ">
   <subfield code="a">No. 63 (September 2009)</subfield>
   <subfield code="b">Οφειλόμενο</subfield>
   <subfield code="c">31/10/2010</subfield>
  </datafield>
  <datafield tag="900" ind1=" " ind2=" ">
   <subfield code="a">No. 64 (October 2009)</subfield>
   <subfield code="b">Οφειλόμενο</subfield>
   <subfield code="c">28/11/2010</subfield>
  </datafield>
  <datafield tag="900" ind1=" " ind2=" ">
   <subfield code="a">No. 65 (November 2009)</subfield>
   <subfield code="b">Οφειλόμενο</subfield>
   <subfield code="c">12/01/2011</subfield>
  </datafield>
  <datafield tag="900" ind1=" " ind2=" ">
   <subfield code="a">No. 66 (December 2009)</subfield>
   <subfield code="b">Οφειλόμενο</subfield>
   <subfield code="c">08/02/2011</subfield>
  </datafield>
  <datafield tag="900" ind1=" " ind2=" ">
   <subfield code="a">No. 67 (January 2010)</subfield>
   <subfield code="b">Οφειλόμενο</subfield>
   <subfield code="c">03/03/2011</subfield>
  </datafield>
  <datafield tag="900" ind1=" " ind2=" ">
   <subfield code="a">No. 69 (March 2010)</subfield>
   <subfield code="b">Οφειλόμενο</subfield>
   <subfield code="c">01/05/2011</subfield>
  </datafield>
  <datafield tag="900" ind1=" " ind2=" ">
   <subfield code="a">No. 71 (May 2010)</subfield>
   <subfield code="b">Οφειλόμενο</subfield>
   <subfield code="c">26/06/2011</subfield>
  </datafield>
  <datafield tag="900" ind1=" " ind2=" ">
   <subfield code="a">No. 72 (June 2010)</subfield>
   <subfield code="b">Οφειλόμενο</subfield>
   <subfield code="c">28/07/2011</subfield>
  </datafield>
  <datafield tag="900" ind1=" " ind2=" ">
   <subfield code="a">No. 73 (July 2010)</subfield>
   <subfield code="b">Οφειλόμενο</subfield>
   <subfield code="c">28/08/2011</subfield>
  </datafield>
  <datafield tag="900" ind1=" " ind2=" ">
   <subfield code="a">No. 74 (August 2010)</subfield>
   <subfield code="b">Οφειλόμενο</subfield>
   <subfield code="c">26/09/2011</subfield>
  </datafield>
  <datafield tag="900" ind1=" " ind2=" ">
   <subfield code="a">No. 75 (September 2010)</subfield>
   <subfield code="b">Οφειλόμενο</subfield>
   <subfield code="c">01/12/2011</subfield>
  </datafield>
  <datafield tag="900" ind1=" " ind2=" ">
   <subfield code="a">No. 76 (October 2010)</subfield>
   <subfield code="b">Οφειλόμενο</subfield>
   <subfield code="c">01/12/2011</subfield>
  </datafield>
  <datafield tag="900" ind1=" " ind2=" ">
   <subfield code="a">No. 77 (November 2010)</subfield>
   <subfield code="b">Οφειλόμενο</subfield>
   <subfield code="c">13/01/2012</subfield>
  </datafield>
  <datafield tag="900" ind1=" " ind2=" ">
   <subfield code="a">No. 78 (December 2010)</subfield>
   <subfield code="b">Οφειλόμενο</subfield>
   <subfield code="c">27/01/2012</subfield>
  </datafield>
  <datafield tag="900" ind1=" " ind2=" ">
   <subfield code="a">No. 79 (January 2011)</subfield>
   <subfield code="b">Οφειλόμενο</subfield>
   <subfield code="c">17/02/2012</subfield>
  </datafield>
  <datafield tag="900" ind1=" " ind2=" ">
   <subfield code="a">No. 6 (October 2011)</subfield>
   <subfield code="b">Οφειλόμενο</subfield>
   <subfield code="c">11/05/2012</subfield>
  </datafield>
  <datafield tag="900" ind1=" " ind2=" ">
   <subfield code="a">No. 10 (March 2012)</subfield>
   <subfield code="b">Οφειλόμενο</subfield>
   <subfield code="c">05/02/2013</subfield>
  </datafield>
  <datafield tag="900" ind1=" " ind2=" ">
   <subfield code="a">No. 34 (Jul./Aug. 2014)</subfield>
   <subfield code="b">Οφειλόμενο</subfield>
   <subfield code="c">13/06/2017</subfield>
  </datafield>
  <datafield tag="900" ind1=" " ind2=" ">
   <subfield code="a">No. 48 (December 2015)</subfield>
   <subfield code="b">Οφειλόμενο</subfield>
   <subfield code="c">13/06/2017</subfield>
  </datafield>
  <datafield tag="900" ind1=" " ind2=" ">
   <subfield code="a">No. 50 (February 2016)</subfield>
   <subfield code="b">Οφειλόμενο</subfield>
   <subfield code="c">13/06/2017</subfield>
  </datafield>
  <datafield tag="900" ind1=" " ind2=" ">
   <subfield code="a">No. 51 (March 2016)</subfield>
   <subfield code="b">Οφειλόμενο</subfield>
   <subfield code="c">13/06/2017</subfield>
  </datafield>
  <datafield tag="900" ind1=" " ind2=" ">
   <subfield code="a">No. 52 (April 2016)</subfield>
   <subfield code="b">Οφειλόμενο</subfield>
   <subfield code="c">13/06/2017</subfield>
  </datafield>
  <datafield tag="900" ind1=" " ind2=" ">
   <subfield code="a">No. 53 (May 2016)</subfield>
   <subfield code="b">Οφειλόμενο</subfield>
   <subfield code="c">13/06/2017</subfield>
  </datafield>
  <datafield tag="900" ind1=" " ind2=" ">
   <subfield code="a">No. 54 (June 2016)</subfield>
   <subfield code="b">Οφειλόμενο</subfield>
   <subfield code="c">13/06/2017</subfield>
  </datafield>
  <datafield tag="900" ind1=" " ind2=" ">
   <subfield code="a">No. 55 (July 2016)</subfield>
   <subfield code="b">Οφειλόμενο</subfield>
   <subfield code="c">13/06/2017</subfield>
  </datafield>
  <datafield tag="900" ind1=" " ind2=" ">
   <subfield code="a">No. 56 (August 2016)</subfield>
   <subfield code="b">Οφειλόμενο</subfield>
   <subfield code="c">13/06/2017</subfield>
  </datafield>
  <datafield tag="900" ind1=" " ind2=" ">
   <subfield code="a">No. 57 (September 2016)</subfield>
   <subfield code="b">Οφειλόμενο</subfield>
   <subfield code="c">13/06/2017</subfield>
  </datafield>
  <datafield tag="900" ind1=" " ind2=" ">
   <subfield code="a">No. 58 (October 2016)</subfield>
   <subfield code="b">Οφειλόμενο</subfield>
   <subfield code="c">13/06/2017</subfield>
  </datafield>
  <datafield tag="900" ind1=" " ind2=" ">
   <subfield code="a">No. 59 (November 2016)</subfield>
   <subfield code="b">Οφειλόμενο</subfield>
   <subfield code="c">13/06/2017</subfield>
  </datafield>
  <datafield tag="900" ind1=" " ind2=" ">
   <subfield code="a">No. 60 (December 2016)</subfield>
   <subfield code="b">Οφειλόμενο</subfield>
   <subfield code="c">13/06/2017</subfield>
  </datafield>
  <datafield tag="900" ind1=" " ind2=" ">
   <subfield code="a">No. 61 (January 2017)</subfield>
   <subfield code="b">Οφειλόμενο</subfield>
   <subfield code="c">15/06/2017</subfield>
  </datafield>
  <datafield tag="900" ind1=" " ind2=" ">
   <subfield code="a">No. 62 (February 2017)</subfield>
   <subfield code="b">Οφειλόμενο</subfield>
   <subfield code="c">17/07/2017</subfield>
  </datafield>
  <datafield tag="900" ind1=" " ind2=" ">
   <subfield code="a">No. 63 (March 2017)</subfield>
   <subfield code="b">Οφειλόμενο</subfield>
   <subfield code="c">22/08/2017</subfield>
  </datafield>
  <datafield tag="900" ind1=" " ind2=" ">
   <subfield code="a">No. 64 (April 2017)</subfield>
   <subfield code="b">Οφειλόμενο</subfield>
   <subfield code="c">13/09/2017</subfield>
  </datafield>
  <datafield tag="900" ind1=" " ind2=" ">
   <subfield code="a">No. 65 (May 2017)</subfield>
   <subfield code="b">Οφειλόμενο</subfield>
   <subfield code="c">13/10/2017</subfield>
  </datafield>
  <datafield tag="900" ind1=" " ind2=" ">
   <subfield code="a">No. 66 (June 2017)</subfield>
   <subfield code="b">Οφειλόμενο</subfield>
   <subfield code="c">13/11/2017</subfield>
  </datafield>
  <datafield tag="900" ind1=" " ind2=" ">
   <subfield code="a">No. 67 (July 2017)</subfield>
   <subfield code="b">Οφειλόμενο</subfield>
   <subfield code="c">13/12/2017</subfield>
  </datafield>
  <datafield tag="900" ind1=" " ind2=" ">
   <subfield code="a">No. 68 (August 2017)</subfield>
   <subfield code="b">Οφειλόμενο</subfield>
   <subfield code="c">15/01/2018</subfield>
  </datafield>
  <datafield tag="900" ind1=" " ind2=" ">
   <subfield code="a">No. 69 (September 2017)</subfield>
   <subfield code="b">Οφειλόμενο</subfield>
   <subfield code="c">13/02/2018</subfield>
  </datafield>
  <datafield tag="900" ind1=" " ind2=" ">
   <subfield code="a">No. 70 (October 2017)</subfield>
   <subfield code="b">Οφειλόμενο</subfield>
   <subfield code="c">13/12/2018</subfield>
  </datafield>
  <datafield tag="900" ind1=" " ind2=" ">
   <subfield code="a">No. 71 (November 2017)</subfield>
   <subfield code="b">Οφειλόμενο</subfield>
   <subfield code="c">13/12/2018</subfield>
  </datafield>
  <datafield tag="900" ind1=" " ind2=" ">
   <subfield code="a">No. 72 (December 2017)</subfield>
   <subfield code="b">Οφειλόμενο</subfield>
   <subfield code="c">13/12/2018</subfield>
  </datafield>
  <datafield tag="900" ind1=" " ind2=" ">
   <subfield code="a">No. 73 (January 2018)</subfield>
   <subfield code="b">Οφειλόμενο</subfield>
   <subfield code="c">13/12/2018</subfield>
  </datafield>
  <datafield tag="900" ind1=" " ind2=" ">
   <subfield code="a">No. 74 (February 2018)</subfield>
   <subfield code="b">Οφειλόμενο</subfield>
   <subfield code="c">13/12/2018</subfield>
  </datafield>
  <datafield tag="900" ind1=" " ind2=" ">
   <subfield code="a">No. 75 (March 2018)</subfield>
   <subfield code="b">Οφειλόμενο</subfield>
   <subfield code="c">13/12/2018</subfield>
  </datafield>
  <datafield tag="900" ind1=" " ind2=" ">
   <subfield code="a">No. 76 (April 2018)</subfield>
   <subfield code="b">Οφειλόμενο</subfield>
   <subfield code="c">13/12/2018</subfield>
  </datafield>
  <datafield tag="900" ind1=" " ind2=" ">
   <subfield code="a">No. 77 (May 2018)</subfield>
   <subfield code="b">Οφειλόμενο</subfield>
   <subfield code="c">13/12/2018</subfield>
  </datafield>
  <datafield tag="900" ind1=" " ind2=" ">
   <subfield code="a">No. 78 (June 2018)</subfield>
   <subfield code="b">Οφειλόμενο</subfield>
   <subfield code="c">13/12/2018</subfield>
  </datafield>
  <datafield tag="900" ind1=" " ind2=" ">
   <subfield code="a">No. 79 (July 2018)</subfield>
   <subfield code="b">Οφειλόμενο</subfield>
   <subfield code="c">13/12/2018</subfield>
  </datafield>
  <datafield tag="900" ind1=" " ind2=" ">
   <subfield code="a">No. 80 (August 2018)</subfield>
   <subfield code="b">Οφειλόμενο</subfield>
   <subfield code="c">14/01/2019</subfield>
  </datafield>
  <datafield tag="900" ind1=" " ind2=" ">
   <subfield code="a">No. 81 (September 2018)</subfield>
   <subfield code="b">Οφειλόμενο</subfield>
   <subfield code="c">13/02/2019</subfield>
  </datafield>
  <datafield tag="950" ind1=" " ind2=" ">
   <subfield code="a">01/06/2007</subfield>
   <subfield code="c">ΔΩΡΕΑ ΠΕΡΙΟΔΙΚΩΝ</subfield>
   <subfield code="d">783</subfield>
  </datafield>
  <datafield tag="951" ind1=" " ind2=" ">
   <subfield code="a">No 48  (Dec.15/Jan.2016 (Research eu: results magazine)</subfield>
   <subfield code="b">Supplements</subfield>
  </datafield>
  <datafield tag="951" ind1=" " ind2=" ">
   <subfield code="a">No. 52 (June 2007)</subfield>
   <subfield code="b">Main run</subfield>
  </datafield>
  <datafield tag="951" ind1=" " ind2=" ">
   <subfield code="a">Special issue (June 2007)</subfield>
   <subfield code="b">Main run</subfield>
  </datafield>
  <datafield tag="951" ind1=" " ind2=" ">
   <subfield code="a">No. 54 (December 2007)</subfield>
   <subfield code="b">Main run</subfield>
  </datafield>
  <datafield tag="951" ind1=" " ind2=" ">
   <subfield code="a">Special issue  (December 2007)</subfield>
   <subfield code="b">Main run</subfield>
  </datafield>
  <datafield tag="951" ind1=" " ind2=" ">
   <subfield code="a">No. 55 (January 2008)</subfield>
   <subfield code="b">Main run</subfield>
  </datafield>
  <datafield tag="951" ind1=" " ind2=" ">
   <subfield code="a">No. 2  (February 2008) (Research eu: results supplement)</subfield>
   <subfield code="b">Main run</subfield>
  </datafield>
  <datafield tag="951" ind1=" " ind2=" ">
   <subfield code="a">No. 56 (June 2008) - No. 57 (July 2008)</subfield>
   <subfield code="b">Main run</subfield>
  </datafield>
  <datafield tag="951" ind1=" " ind2=" ">
   <subfield code="a">No. 6  (Jul/Aug. 2008) (Research eu: results supplement)</subfield>
   <subfield code="b">Main run</subfield>
  </datafield>
  <datafield tag="951" ind1=" " ind2=" ">
   <subfield code="a">Special issue (November 2008)</subfield>
   <subfield code="b">Main run</subfield>
  </datafield>
  <datafield tag="951" ind1=" " ind2=" ">
   <subfield code="a">No. 58  (December 2008)</subfield>
   <subfield code="b">Main run</subfield>
  </datafield>
  <datafield tag="951" ind1=" " ind2=" ">
   <subfield code="a">No. 59  (March 2009)</subfield>
   <subfield code="b">Main run</subfield>
  </datafield>
  <datafield tag="951" ind1=" " ind2=" ">
   <subfield code="a">No. 2  (March 2009) (Research: focus)</subfield>
   <subfield code="b">Main run</subfield>
  </datafield>
  <datafield tag="951" ind1=" " ind2=" ">
   <subfield code="a">No. 60 (June 2009) - No. 61 (July 2009)</subfield>
   <subfield code="b">Main run</subfield>
  </datafield>
  <datafield tag="951" ind1=" " ind2=" ">
   <subfield code="a">No. 16  (Jul./Aug.2009) (Research eu: results supplement)</subfield>
   <subfield code="b">Main run</subfield>
  </datafield>
  <datafield tag="951" ind1=" " ind2=" ">
   <subfield code="a">Special issue  (November 2009)</subfield>
   <subfield code="b">Main run</subfield>
  </datafield>
  <datafield tag="951" ind1=" " ind2=" ">
   <subfield code="a">No. 21  (Jan./Feb. 2010) (Research eu:results supplement)</subfield>
   <subfield code="b">Main run</subfield>
  </datafield>
  <datafield tag="951" ind1=" " ind2=" ">
   <subfield code="a">No. 62 (February 2010)</subfield>
   <subfield code="b">Main run</subfield>
  </datafield>
  <datafield tag="951" ind1=" " ind2=" ">
   <subfield code="a">No. 22  (March 2010) (Research eu: results supplement)</subfield>
   <subfield code="b">Main run</subfield>
  </datafield>
  <datafield tag="951" ind1=" " ind2=" ">
   <subfield code="a">No. 63 (April 2010)</subfield>
   <subfield code="b">Main run</subfield>
  </datafield>
  <datafield tag="951" ind1=" " ind2=" ">
   <subfield code="a">No 5  (April 2010) (Research eu: focus)</subfield>
   <subfield code="b">Main run</subfield>
  </datafield>
  <datafield tag="951" ind1=" " ind2=" ">
   <subfield code="a">No. 24  (May 2010) (Research eu: results supplement)</subfield>
   <subfield code="b">Main run</subfield>
  </datafield>
  <datafield tag="951" ind1=" " ind2=" ">
   <subfield code="a">No. 7  (August 2010) (Research eu: focus)</subfield>
   <subfield code="b">Main run</subfield>
  </datafield>
  <datafield tag="951" ind1=" " ind2=" ">
   <subfield code="a">No. 31 (February 2011)  (Research eu : results supplement)</subfield>
   <subfield code="b">Main run</subfield>
  </datafield>
  <datafield tag="951" ind1=" " ind2=" ">
   <subfield code="a">No. 32 (March 2011)</subfield>
   <subfield code="b">Main run</subfield>
  </datafield>
  <datafield tag="951" ind1=" " ind2=" ">
   <subfield code="a">No. 1 (April 2011) - No. 3 (June 2011)</subfield>
   <subfield code="b">Main run</subfield>
  </datafield>
  <datafield tag="951" ind1=" " ind2=" ">
   <subfield code="a">No. 4  (July/August 2011)</subfield>
   <subfield code="b">Main run</subfield>
  </datafield>
  <datafield tag="951" ind1=" " ind2=" ">
   <subfield code="a">No. 5 (September 2011)</subfield>
   <subfield code="b">Main run</subfield>
  </datafield>
  <datafield tag="951" ind1=" " ind2=" ">
   <subfield code="a">No. 11 (October 2011)  (Research eu : focus)</subfield>
   <subfield code="b">Main run</subfield>
  </datafield>
  <datafield tag="951" ind1=" " ind2=" ">
   <subfield code="a">No. 7 (November 2011) - No. 9 (February 2012)</subfield>
   <subfield code="b">Main run</subfield>
  </datafield>
  <datafield tag="951" ind1=" " ind2=" ">
   <subfield code="a">No. 12 (February 2012)  (Research eu : focus)</subfield>
   <subfield code="b">Main run</subfield>
  </datafield>
  <datafield tag="951" ind1=" " ind2=" ">
   <subfield code="a">No. 10  (Research eu : results)</subfield>
   <subfield code="b">Main run</subfield>
  </datafield>
  <datafield tag="951" ind1=" " ind2=" ">
   <subfield code="a">No. 11 (April 2012) - No. 12 (May 2012)</subfield>
   <subfield code="b">Main run</subfield>
  </datafield>
  <datafield tag="951" ind1=" " ind2=" ">
   <subfield code="a">No. 13  (May 2012)</subfield>
   <subfield code="b">Main run</subfield>
  </datafield>
  <datafield tag="951" ind1=" " ind2=" ">
   <subfield code="a">No. 13  (June 2012)(Results magazine)</subfield>
   <subfield code="b">Main run</subfield>
  </datafield>
  <datafield tag="951" ind1=" " ind2=" ">
   <subfield code="a">No. 14  (July/August 2012) (Results magazine)</subfield>
   <subfield code="b">Main run</subfield>
  </datafield>
  <datafield tag="951" ind1=" " ind2=" ">
   <subfield code="a">No. 15 (September 2012) - No. 17 (November 2012)</subfield>
   <subfield code="b">Main run</subfield>
  </datafield>
  <datafield tag="951" ind1=" " ind2=" ">
   <subfield code="a">No. 18  (December 2012/January 2013)</subfield>
   <subfield code="b">Main run</subfield>
  </datafield>
  <datafield tag="951" ind1=" " ind2=" ">
   <subfield code="a">No. 19 (February 2013) - No. 33 (June 2014)</subfield>
   <subfield code="b">Main run</subfield>
  </datafield>
  <datafield tag="951" ind1=" " ind2=" ">
   <subfield code="a">No. 35  (Sept. 2014)</subfield>
   <subfield code="b">Main run</subfield>
  </datafield>
  <datafield tag="951" ind1=" " ind2=" ">
   <subfield code="a">No. 36  (October 2014)</subfield>
   <subfield code="b">Main run</subfield>
  </datafield>
  <datafield tag="951" ind1=" " ind2=" ">
   <subfield code="a">No. 37 (November 2014)</subfield>
   <subfield code="b">Main run</subfield>
  </datafield>
  <datafield tag="951" ind1=" " ind2=" ">
   <subfield code="a">No. 38  (December 2014/January 2015)</subfield>
   <subfield code="b">Main run</subfield>
  </datafield>
  <datafield tag="951" ind1=" " ind2=" ">
   <subfield code="a">No. 39  (February 2015)</subfield>
   <subfield code="b">Main run</subfield>
  </datafield>
  <datafield tag="951" ind1=" " ind2=" ">
   <subfield code="a">No. 40  (March 2015)</subfield>
   <subfield code="b">Main run</subfield>
  </datafield>
  <datafield tag="951" ind1=" " ind2=" ">
   <subfield code="a">No.76 (October 2018) (Research eu: bringing you the results of EU research and innovation</subfield>
   <subfield code="b">Main run</subfield>
  </datafield>
  <datafield tag="951" ind1=" " ind2=" ">
   <subfield code="a">No. 73 (June 2018)</subfield>
   <subfield code="b">Main run</subfield>
  </datafield>
  <datafield tag="951" ind1=" " ind2=" ">
   <subfield code="a">No. 41  (April 2015)</subfield>
   <subfield code="b">Main run</subfield>
  </datafield>
  <datafield tag="951" ind1=" " ind2=" ">
   <subfield code="a">No. 42  (May 2015)</subfield>
   <subfield code="b">Main run</subfield>
  </datafield>
  <datafield tag="951" ind1=" " ind2=" ">
   <subfield code="a">No. 43  (June 2015)</subfield>
   <subfield code="b">Main run</subfield>
  </datafield>
  <datafield tag="951" ind1=" " ind2=" ">
   <subfield code="a">No. 44  (July 2015)</subfield>
   <subfield code="b">Main run</subfield>
  </datafield>
  <datafield tag="951" ind1=" " ind2=" ">
   <subfield code="a">No. 45  (August /September 2015)</subfield>
   <subfield code="b">Main run</subfield>
  </datafield>
  <datafield tag="951" ind1=" " ind2=" ">
   <subfield code="a">No. 46  (October 2015) (Research eu: results magazine))</subfield>
   <subfield code="b">Main run</subfield>
  </datafield>
  <datafield tag="951" ind1=" " ind2=" ">
   <subfield code="a">No. 47 (November 2015)</subfield>
   <subfield code="b">Main run</subfield>
  </datafield>
  <datafield tag="951" ind1=" " ind2=" ">
   <subfield code="a">No. 49  (February 2016) (Research eu:results magazine)</subfield>
   <subfield code="b">Main run</subfield>
  </datafield>
  <datafield tag="951" ind1=" " ind2=" ">
   <subfield code="a">Special issue (September 2007)</subfield>
   <subfield code="b">Supplements</subfield>
  </datafield>
  <datafield tag="951" ind1=" " ind2=" ">
   <subfield code="a">Special issue (December 2007)</subfield>
   <subfield code="b">Supplements</subfield>
  </datafield>
  <datafield tag="951" ind1=" " ind2=" ">
   <subfield code="a">Special issue  (April 2008)</subfield>
   <subfield code="b">Supplements</subfield>
  </datafield>
  <datafield tag="951" ind1=" " ind2=" ">
   <subfield code="a">Special issue  (Septermber 2008)</subfield>
   <subfield code="b">Supplements</subfield>
  </datafield>
  <datafield tag="951" ind1=" " ind2=" ">
   <subfield code="a">No. 10 (December 2008)  (Research eu : results supplement)</subfield>
   <subfield code="b">Supplements</subfield>
  </datafield>
  <datafield tag="951" ind1=" " ind2=" ">
   <subfield code="a">No. 11 (January 2009)  (Research eu : results supplement)</subfield>
   <subfield code="b">Supplements</subfield>
  </datafield>
  <datafield tag="951" ind1=" " ind2=" ">
   <subfield code="a">No. 11  (January 2009) (Research eu: results supplement)</subfield>
   <subfield code="b">Supplements</subfield>
  </datafield>
  <datafield tag="951" ind1=" " ind2=" ">
   <subfield code="a">No. 12 (February 2009)  (Research eu : results supplement)</subfield>
   <subfield code="b">Supplements</subfield>
  </datafield>
  <datafield tag="951" ind1=" " ind2=" ">
   <subfield code="a">No. 12  (February 2009) (Research eu: results supplement)</subfield>
   <subfield code="b">Supplements</subfield>
  </datafield>
  <datafield tag="951" ind1=" " ind2=" ">
   <subfield code="a">No. 2 (March 2009)  (Research eu : focus)</subfield>
   <subfield code="b">Supplements</subfield>
  </datafield>
  <datafield tag="951" ind1=" " ind2=" ">
   <subfield code="a">No. 13  (March/Apr. 2009) (Research eu: results supplement)</subfield>
   <subfield code="b">Supplements</subfield>
  </datafield>
  <datafield tag="951" ind1=" " ind2=" ">
   <subfield code="a">Special issue  (April 2009)</subfield>
   <subfield code="b">Supplements</subfield>
  </datafield>
  <datafield tag="951" ind1=" " ind2=" ">
   <subfield code="a">No. 4  (May 2009) (Research eu: focus)</subfield>
   <subfield code="b">Supplements</subfield>
  </datafield>
  <datafield tag="951" ind1=" " ind2=" ">
   <subfield code="a">No. 14 (May 2009)  (Research eu : results supplement)</subfield>
   <subfield code="b">Supplements</subfield>
  </datafield>
  <datafield tag="951" ind1=" " ind2=" ">
   <subfield code="a">No. 15 (June 2009)  (Research eu : results supplement)</subfield>
   <subfield code="b">Supplements</subfield>
  </datafield>
  <datafield tag="951" ind1=" " ind2=" ">
   <subfield code="a">No. 16 (Jul./Aug. 2009)  (Research eu : results supplement)</subfield>
   <subfield code="b">Supplements</subfield>
  </datafield>
  <datafield tag="951" ind1=" " ind2=" ">
   <subfield code="a">No. 17 (September 2009)  (Research eu : results supplement)</subfield>
   <subfield code="b">Supplements</subfield>
  </datafield>
  <datafield tag="951" ind1=" " ind2=" ">
   <subfield code="a">No. 18 (October 2009)  (Research eu : results supplement)</subfield>
   <subfield code="b">Supplements</subfield>
  </datafield>
  <datafield tag="951" ind1=" " ind2=" ">
   <subfield code="a">Special issue  (November 2009)</subfield>
   <subfield code="b">Supplements</subfield>
  </datafield>
  <datafield tag="951" ind1=" " ind2=" ">
   <subfield code="a">No. 19 (November 2009)  (Research eu : results supplement)</subfield>
   <subfield code="b">Supplements</subfield>
  </datafield>
  <datafield tag="951" ind1=" " ind2=" ">
   <subfield code="a">No. 19  (November 2009) (Research eu: results supplement)</subfield>
   <subfield code="b">Supplements</subfield>
  </datafield>
  <datafield tag="951" ind1=" " ind2=" ">
   <subfield code="a">No. 21  (Jan./Feb. 2010) (Research eu : results supplement)</subfield>
   <subfield code="b">Supplements</subfield>
  </datafield>
  <datafield tag="951" ind1=" " ind2=" ">
   <subfield code="a">No. 9 (November 2008) (Research eu : results supplement)</subfield>
   <subfield code="b">Supplements</subfield>
  </datafield>
  <datafield tag="951" ind1=" " ind2=" ">
   <subfield code="a">No. 20 (December 2009) (Research eu : results supplement)</subfield>
   <subfield code="b">Supplements</subfield>
  </datafield>
  <datafield tag="951" ind1=" " ind2=" ">
   <subfield code="a">No. 22 (March 2010) (Research eu : results supplement)</subfield>
   <subfield code="b">Supplements</subfield>
  </datafield>
  <datafield tag="951" ind1=" " ind2=" ">
   <subfield code="a">No. 23 (April 2010) (Research eu : results supplement)</subfield>
   <subfield code="b">Supplements</subfield>
  </datafield>
  <datafield tag="951" ind1=" " ind2=" ">
   <subfield code="a">No. 24 (May 2010) (Research eu : results supplement)</subfield>
   <subfield code="b">Supplements</subfield>
  </datafield>
  <datafield tag="951" ind1=" " ind2=" ">
   <subfield code="a">No. 27 (September 2010) (Research eu : results supplement)</subfield>
   <subfield code="b">Supplements</subfield>
  </datafield>
  <datafield tag="951" ind1=" " ind2=" ">
   <subfield code="a">No. 28 (October 2010) (Research eu : results supplement)</subfield>
   <subfield code="b">Supplements</subfield>
  </datafield>
  <datafield tag="951" ind1=" " ind2=" ">
   <subfield code="a">No. 5 (April 2010) (Research eu : focus)</subfield>
   <subfield code="b">Supplements</subfield>
  </datafield>
  <datafield tag="951" ind1=" " ind2=" ">
   <subfield code="a">No. 6 (June 2010) (Research eu : focus)</subfield>
   <subfield code="b">Supplements</subfield>
  </datafield>
  <datafield tag="951" ind1=" " ind2=" ">
   <subfield code="a">No. 7 (August 2010) (Research eu : focus)</subfield>
   <subfield code="b">Supplements</subfield>
  </datafield>
  <datafield tag="951" ind1=" " ind2=" ">
   <subfield code="a">No. 8 (September 2010) (Research eu : focus)</subfield>
   <subfield code="b">Supplements</subfield>
  </datafield>
  <datafield tag="951" ind1=" " ind2=" ">
   <subfield code="a">Special issue (September 2008)</subfield>
   <subfield code="b">Supplements</subfield>
  </datafield>
  <datafield tag="951" ind1=" " ind2=" ">
   <subfield code="a">No. 25 (June 2010) (Research eu : results supplement)</subfield>
   <subfield code="b">Supplements</subfield>
  </datafield>
  <datafield tag="951" ind1=" " ind2=" ">
   <subfield code="a">No. 30 (December 2010/January 2011) (Research eu : results supplement)</subfield>
   <subfield code="b">Supplements</subfield>
  </datafield>
  <datafield tag="951" ind1=" " ind2=" ">
   <subfield code="a">No. 26 (July/August 2010) (Research eu : results supplement)</subfield>
   <subfield code="b">Supplements</subfield>
  </datafield>
  <datafield tag="951" ind1=" " ind2=" ">
   <subfield code="a">No. 29 (November 2010) (Research eu : results supplement)</subfield>
   <subfield code="b">Supplements</subfield>
  </datafield>
  <datafield tag="951" ind1=" " ind2=" ">
   <subfield code="a">No. 25  (June 2010) (Research eu: results supplement)</subfield>
   <subfield code="b">Supplements</subfield>
  </datafield>
  <datafield tag="951" ind1=" " ind2=" ">
   <subfield code="a">No. 26  (Jul/Aug. 2010) (Research eu: results supplement)</subfield>
   <subfield code="b">Supplements</subfield>
  </datafield>
  <datafield tag="951" ind1=" " ind2=" ">
   <subfield code="a">No. 29  (November 2010) (Research eu: results supplement)</subfield>
   <subfield code="b">Supplements</subfield>
  </datafield>
  <datafield tag="951" ind1=" " ind2=" ">
   <subfield code="a">No. 14 (April 2014)  (Research eu : focus magazine)</subfield>
   <subfield code="b">Supplements</subfield>
  </datafield>
  <datafield tag="951" ind1=" " ind2=" ">
   <subfield code="a">No. 15  (2015) (Research eu: focus magazine)</subfield>
   <subfield code="b">Supplements</subfield>
  </datafield>
 </record>
</collection>
